| 000 | 003840000a22001450004500 | ||
|---|---|---|---|
| 005 | 20120302064651.0 | ||
| 942 | _cBOOK | ||
| 100 | _a Dave, Harshadray | ||
| 245 | _a Sampradaya Ka Vikas avam GuruParampara | ||
| 260 | _aAhmedabad : Shree AksharPurushotam Sanstha , 1980 | ||
| 300 | _a31 p. | ||
| 040 | _ahin | ||
| 365 | _bRs.00.75 | ||
| 650 | _aAdhyatma / Sampradaya / Guruparampara | ||
| 999 |
_c362757 _d362754 |
||